| Tag |
First Indicator |
Second Indicator |
Subfields |
| LEADER |
00000cam a2200000 4500 |
| 001 |
in00000009404 |
| 005 |
20151007051534.0 |
| 008 |
731219s1972 xx a 00010 ita |
| 010 |
|
|
|a 72337838
|
| 035 |
|
|
|a (OCoLC)00764977
|
| 035 |
|
|
|9 AAA3489AM
|
| 040 |
|
|
|a DLC
|c DRB
|d m.c.
|d TXA
|d UtOrBLW
|
| 049 |
|
|
|a TXAM
|c [A12603895]
|
| 050 |
0 |
0 |
|a DG975.C46
|b M67
|
| 100 |
1 |
|
|a Moretti, Italo.
|
| 245 |
1 |
2 |
|a I castelli dell'antica Lega del Chianti /
|c Italo Moretti, Renato Stopani.
|
| 264 |
|
1 |
|a [Firenze] :
|b Libreria editrice fiorentina,
|c 1972.
|
| 300 |
|
|
|a 155 pages, 1 unnumbered folded leaf :
|b illustrations ;
|c 21cm.
|
| 336 |
|
|
|a text
|b txt
|2 rdacontent
|
| 337 |
|
|
|a unmediated
|b n
|2 rdamedia
|
| 338 |
|
|
|a volume
|b nc
|2 rdacarrier
|
| 504 |
|
|
|a Bibliography: pages 153-155.
|
| 500 |
|
|
|a Includes index.
|
| 650 |
|
0 |
|a Castles
|z Italy
|z Chianti Mountain Region.
|
| 700 |
1 |
|
|a Stopani, Renato.
|
| 999 |
|
|
|a MARS
|
| 999 |
f |
f |
|s 43919818-7726-3cfd-bef0-df0c88359acb
|i f3924b95-71c2-322d-b266-1623fd1531ce
|t 0
|
| 952 |
f |
f |
|p ric
|a Texas A&M University
|b Rellis Campus
|c Joint Library Facility
|d Remote Storage
|t 0
|e DG975.C46 M67
|h Library of Congress classification
|i unmediated -- volume
|m A14812603895
|
| 998 |
f |
f |
|a DG975.C46 M67
|t 0
|l Remote Storage
|